Statistiche per Conta il più in alto possibile - 15 secondi di sprint

Clicka qui per fare il quiz!

Statistiche generali

  • Questo quiz è stato fatto 5.497 volte
  • Il punteggio medio è 21 su 50

Statistiche sulle risposte

#% Corretto
1
100%
2
99%
3
97%
4
96%
5
95%
6
94%
7
94%
8
93%
9
93%
10
87%
11
85%
12
82%
13
79%
14
78%
15
76%
16
74%
17
71%
18
68%
19
65%
20
56%
21
51%
22
45%
23
40%
24
35%
25
33%
26
30%
27
27%
28
24%
29
22%
30
17%
31
14%
32
11%
33
9%
34
7%
35
6%
36
5%
37
5%
38
4%
39
4%
40
3%
41
2%
42
2%
43
1%
44
1%
45
1%
46
1%
47
1%
48
1%
49
0%
50
0%

Distribuzione punteggi

Percentile per numero di risposta

Percentuale di utenti per punteggio

I tuoi punteggi nel tempo

Non hai fatto questo quiz